[Event "V Open Basso Veronese"]
[Site "Casaleone ITA"]
[Date "2012.05.??"]
[Round "4"]
[White "Negro, Raffaele"]
[Black "Sprea, Giuseppe"]
[Result "0-1"]
[WhiteElo "1845"]
[BlackElo "1955"]
[PlyCount "154"]
[EventDate "2012.05.19"]

1. d4 Nf6 2. Nf3 e6 3. Bf4 b6 4. e3 Bb7 5. Bd3 Be7 6. h3 d6 7. c4 Nbd7 8. Nc3
a6 9. O-O c5 10. Qe2 O-O 11. Rad1 Qc7 12. d5 Kh8 13. e4 e5 14. Be3 Rae8 15. g4
h6 16. Qd2 Qd8 17. Kh2 Nh7 18. Ne2 Bg5 19. Nxg5 hxg5 20. Ng3 g6 21. Kg2 Kg7 22.
Rh1 Rh8 23. Rh2 Bc8 24. Rdh1 f6 25. h4 gxh4 26. Rxh4 Ng5 27. Bc2 Rxh4 28. Rxh4
Rh8 29. Rxh8 Kxh8 30. Ba4 Nf7 31. f3 Nf8 32. Qe1 Kg7 33. Bd2 Nh7 34. b4 Nhg5
35. bxc5 bxc5 36. Ba5 Qh8 37. Qh1 Qxh1+ 38. Nxh1 f5 39. gxf5 gxf5 40. Ng3 fxe4
41. fxe4 Kf8 42. Kf2 Nh3+ 43. Ke3 Nf4 44. Bc7 Ke7 45. Ne2 Ng2+ 46. Kf2 Nh4 47.
Ng3 Ng5 48. Bc2 Bg4 49. Nf5+ Nxf5 50. exf5 Nf7 51. Bd3 Kf6 52. Ke3 Bxf5 53. Be2
Ke7 54. Bh5 Nh6 55. Bd1 Bd7 56. a4 Nf5+ 57. Ke4 Nd4 58. Ba5 Bf5+ 59. Ke3 Bc2
60. Bxc2 Nxc2+ 61. Kd3 Nd4 62. Bc7 Kd7 63. Ba5 Ke7 64. Bc7 Nb3 65. Kc3 Nd4 66.
Kd3 Nf5 67. Ke4 Ng7 68. Kf3 Ne8 69. Ba5 Kf6 70. Kg4 Kg6 71. Bd8 Nf6+ 72. Kf3
Kf5 73. Bc7 e4+ 74. Ke3 Ng4+ 75. Ke2 Ke5 76. a5 Nh6 77. Bd8 Kd4 0-1

[Event "V Open Basso Veronese"]
[Site "Casaleone ITA"]
[Date "2012.05.??"]
[Round "4"]
[White "Paler, Adrian"]
[Black "Bozzi, Gianni"]
[Result "1-0"]
[WhiteElo "1901"]
[BlackElo "2190"]
[PlyCount "95"]
[EventDate "2012.05.19"]

1. e4 Nf6 2. e5 Nd5 3. d4 d6 4. c4 Nb6 5. exd6 cxd6 6. Nc3 g6 7. Be3 Bg7 8. Rc1
Nc6 9. Be2 O-O 10. Nf3 Bg4 11. b3 d5 12. c5 Nc8 13. h3 Bxf3 14. Bxf3 e6 15. O-O
N8e7 16. Ne2 Nf5 17. Bg4 Nxe3 18. fxe3 f5 19. Bf3 Bh6 20. Qd2 Qf6 21. Rcd1 Rad8
22. Nf4 g5 23. Nh5 Qe7 24. g4 Kh8 25. b4 Qc7 26. a3 Ne7 27. Qh2 Qxh2+ 28. Kxh2
Nc6 29. Kg2 Bg7 30. Rd2 Kg8 31. Nxg7 Kxg7 32. Bd1 Ne7 33. Rdf2 Ng6 34. Bc2 fxg4
35. hxg4 Rxf2+ 36. Rxf2 Rh8 37. Bxg6 Kxg6 38. b5 Rc8 39. a4 Rc7 40. Rf8 e5 41.
Rd8 exd4 42. exd4 Re7 43. Rxd5 Re2+ 44. Kf3 Ra2 45. Rd6+ Kf7 46. Rd7+ Ke6 47.
Rxb7 Rxa4 48. Ke4 1-0

[Event "V Open Basso Veronese"]
[Site "Casaleone ITA"]
[Date "2012.05.??"]
[Round "4"]
[White "Pisani, Valerio"]
[Black "Tissino, Tiziano"]
[Result "0-1"]
[WhiteElo "1681"]
[BlackElo "1779"]
[PlyCount "40"]
[EventDate "2012.05.19"]

1. Nc3 e5 2. d4 exd4 3. Qxd4 Nc6 4. Qd1 Bb4 5. e4 Nf6 6. Bd3 d5 7. exd5 Qxd5 8.
f3 O-O 9. Nge2 Qc5 10. a3 Bxc3+ 11. bxc3 Re8 12. a4 Qxc3+ 13. Bd2 Qc5 14. Rb1
Nd4 15. Bb4 Qg5 16. Bxh7+ Nxh7 17. Qxd4 Qxg2 18. Kd2 Qxe2+ 19. Kc3 Qe3+ 20. Qd3
Bf5 0-1

[Event "V Open Basso Veronese"]
[Site "Casaleone ITA"]
[Date "2012.05.??"]
[Round "4"]
[White "Rizzati, Aldo"]
[Black "Negro, Roberto"]
[Result "0-1"]
[WhiteElo "1931"]
[BlackElo "2087"]
[PlyCount "134"]
[EventDate "2012.05.19"]

1. e4 g6 2. d4 Bg7 3. c4 d6 4. Nf3 Nd7 5. Be2 c5 6. O-O b6 7. Nc3 Bb7 8. Be3
cxd4 9. Bxd4 Ngf6 10. e5 dxe5 11. Nxe5 O-O 12. Bf3 Bxf3 13. Qxf3 Nxe5 14. Bxe5
Qc8 15. b3 Qf5 16. Qxf5 gxf5 17. Rad1 Rfd8 18. f3 e6 19. Nb5 Ne8 20. Bxg7 Kxg7
21. Kf2 Kf6 22. Ke3 e5 23. a3 f4+ 24. Ke2 a6 25. Nc3 Nc7 26. Ne4+ Ke7 27. Nc3
Rab8 28. g3 fxg3 29. hxg3 Ne6 30. Kf2 Nd4 31. Rd3 Kf8 32. Rfd1 Rdc8 33. Ne2 Ne6
34. Rd5 Rc5 35. R1d3 b5 36. cxb5 Rbxb5 37. Rd6 a5 38. Ra6 Rc7 39. a4 Rbc5 40.
Ke3 Kg7 41. f4 exf4+ 42. gxf4 Rh5 43. Kd2 h6 44. Rg3+ Kf8 45. Ra8+ Ke7 46. Re3
Kf6 47. Ra6 Kg7 48. Rg3+ Kh7 49. Ra8 Ng7 50. Rg2 Re7 51. Ng3 Rd5+ 52. Kc2 Rc7+
53. Kb2 Rd4 54. f5 Rg4 55. Rxa5 Nh5 56. Nxh5 Rxg2+ 57. Ka3 Rcc2 58. Rb5 Rh2 59.
Nf4 Ra2+ 60. Kb4 Rh4 61. Kc5 Rxf4 62. Kd6 Raf2 63. b4 h5 64. Ke7 R4f3 65. Rb7
h4 66. a5 h3 67. a6 h2 0-1

[Event "V Open Basso Veronese"]
[Site "Casaleone ITA"]
[Date "2012.05.??"]
[Round "4"]
[White "Rosina, Graziano"]
[Black "Adami, Antonio"]
[Result "1/2-1/2"]
[WhiteElo "1829"]
[BlackElo "1717"]
[PlyCount "49"]
[EventDate "2012.05.19"]

1. Nf3 f5 2. g3 Nf6 3. Bg2 g6 4. O-O Bg7 5. c4 O-O 6. Nc3 d6 7. d4 Qe8 8. Nd5
Nxd5 9. cxd5 h6 10. Qc2 c6 11. dxc6 bxc6 12. h4 Bd7 13. Rd1 Kh7 14. Bf4 Na6 15.
a3 Nc7 16. Bd2 Rc8 17. Rac1 Ne6 18. e3 c5 19. d5 Nc7 20. Bc3 Qf7 21. Bxg7 Qxg7
22. Nd2 Qf6 23. Nc4 Rb8 24. b3 Rfc8 25. Rb1 1/2-1/2

[Event "V Open Basso Veronese"]
[Site "Casaleone ITA"]
[Date "2012.05.??"]
[Round "4"]
[White "Solinas, Roberto"]
[Black "Macalello, Angelo"]
[Result "1/2-1/2"]
[WhiteElo "1718"]
[BlackElo "1737"]
[PlyCount "108"]
[EventDate "2012.05.19"]

1. d4 d5 2. Nf3 Nf6 3. e3 c6 4. c4 e6 5. Nc3 Be7 6. Bd3 Nbd7 7. O-O O-O 8. b3
Re8 9. Qc2 h6 10. Bb2 b6 11. e4 dxe4 12. Nxe4 Bb7 13. Rad1 Qc7 14. Rfe1 Rac8
15. Qd2 Nxe4 16. Bxe4 Nf6 17. Bb1 Rcd8 18. Qc2 g6 19. Ne5 Bd6 20. Nxg6 fxg6 21.
Qxg6+ Qg7 22. d5 e5 23. Bc1 cxd5 24. Bxh6 Qxg6 25. Bxg6 Re7 26. Bg5 Kg7 27. Bf5
d4 28. h4 e4 29. h5 e3 30. fxe3 dxe3 31. Bxe3 Bh2+ 32. Kxh2 Rxd1 33. Bh6+ Kxh6
34. Rxe7 Bxg2 35. Kxg2 Rd2+ 36. Kf3 Rxa2 37. Re6 Kg5 38. Re5 Kh6 39. c5 bxc5
40. Rxc5 Rb2 41. Be6 Rh2 42. Ra5 Rxh5 43. Rxh5+ Nxh5 44. Ke4 Kg5 45. b4 Kf6 46.
Bc4 Ke7 47. Kd5 Kd7 48. Kc5 Kc7 49. Kb5 Kb8 50. Ka6 Nf6 51. Be6 Ne8 52. Bh3
Nc7+ 53. Ka5 Nd5 54. Kb5 Nxb4 1/2-1/2

[Event "V Open Basso Veronese"]
[Site "Casaleone ITA"]
[Date "2012.05.??"]
[Round "4"]
[White "Spano, Alfredo"]
[Black "Brunelli, Giovanni"]
[Result "0-1"]
[WhiteElo "1821"]
[BlackElo "1931"]
[PlyCount "102"]
[EventDate "2012.05.19"]

1. c4 f5 2. g3 Nf6 3. Bg2 g6 4. Nc3 Bg7 5. d3 O-O 6. e4 fxe4 7. dxe4 Nc6 8.
Nge2 d6 9. O-O Kh8 10. h3 Ne5 11. b3 Be6 12. f4 Nc6 13. Bb2 Qd7 14. Kh2 Bf7 15.
Nd5 Ng4+ 16. hxg4 Bxb2 17. Rb1 Bg7 18. g5 Be6 19. Ne3 Qe8 20. Nc2 Bd7 21. Bh3
Bxh3 22. Kxh3 e5 23. Ne3 exf4 24. gxf4 Qxe4 25. Ng4 Rae8 26. Ng3 Qe6 27. Qd2
Nd4 28. Rbe1 Qd7 29. Kh4 Rxe1 30. Qxe1 Re8 31. Qd1 Qe6 32. Rf2 c5 33. Qd3 Nf5+
34. Nxf5 gxf5 35. Nh2 Bd4 36. Rf1 h6 37. Nf3 hxg5+ 38. Nxg5 Qh6+ 39. Kg3 Qh5
40. Qxf5 Re3+ 41. Rf3 Rxf3+ 42. Kg2 Rf2+ 43. Kg3 Qh2+ 44. Kg4 Rg2+ 45. Kf3 Qg3+
46. Ke4 Re2+ 47. Kd5 Qg2+ 48. Ne4 Qg8+ 49. Kxd6 Qd8+ 50. Ke6 Qe8+ 51. Kd5 Qc6#
0-1

[Event "V Open Basso Veronese"]
[Site "Casaleone ITA"]
[Date "2012.05.??"]
[Round "5"]
[White "Adami, Alessandro"]
[Black "Fiscato, Claudio"]
[Result "0-1"]
[WhiteElo "1741"]
[BlackElo "1810"]
[PlyCount "84"]
[EventDate "2012.05.19"]

1. e4 c5 2. Nc3 e6 3. Nge2 a6 4. g3 Qc7 5. Bg2 Nc6 6. f4 d6 7. d3 Nf6 8. h3 Be7
9. Be3 O-O 10. Qd2 Rb8 11. O-O Rd8 12. Nd1 e5 13. f5 d5 14. Qe1 dxe4 15. Bxe4
Nxe4 16. dxe4 Nd4 17. Rc1 b6 18. c3 Nxe2+ 19. Qxe2 Bb7 20. Nf2 f6 21. h4 c4 22.
g4 h6 23. g5 hxg5 24. hxg5 fxg5 25. Qg4 Rd6 26. Bxg5 Bxg5 27. Qxg5 Qd8 28. Qg3
Rh6 29. Rcd1 Qe7 30. Ng4 Rh7 31. f6 Qc5+ 32. Ne3 Bxe4 33. Kf2 Rf8 34. Ke1 Bd3
35. Rf3 Qc6 36. Kd2 Rxf6 37. Rxf6 Qxf6 38. Qg2 e4 39. Qg3 Rh6 40. Rg1 Rg6 41.
Qxg6 Qf2+ 42. Kd1 Qe2+ 0-1

[Event "V Open Basso Veronese"]
[Site "Casaleone ITA"]
[Date "2012.05.??"]
[Round "5"]
[White "Adami, Antonio"]
[Black "Mulone, Gaspare"]
[Result "1-0"]
[WhiteElo "1717"]
[BlackElo "1595"]
[PlyCount "63"]
[EventDate "2012.05.19"]

1. e4 d6 2. d4 e6 3. Nc3 Be7 4. g3 Nd7 5. Bg2 Ngf6 6. Nge2 O-O 7. O-O c5 8. h3
a6 9. a4 cxd4 10. Nxd4 Qc7 11. Be3 Ne5 12. g4 Bd7 13. Nf3 Nxf3+ 14. Bxf3 Rfc8
15. a5 e5 16. Bg2 Be6 17. Bb6 Qc6 18. Qd2 Nd7 19. Be3 b5 20. Rfc1 Nc5 21. f4 f6
22. f5 Bf7 23. h4 Rab8 24. g5 fxg5 25. hxg5 Qe8 26. Bh3 Bf8 27. b4 Nd7 28. Rf1
Rc4 29. Rab1 Rbc8 30. Rb3 Nb8 31. Rc1 Nc6 32. f6 1-0

[Event "V Open Basso Veronese"]
[Site "Casaleone ITA"]
[Date "2012.05.??"]
[Round "5"]
[White "Bozzi, Gianni"]
[Black "Negro, Raffaele"]
[Result "1-0"]
[WhiteElo "2190"]
[BlackElo "1845"]
[PlyCount "109"]
[EventDate "2012.05.19"]

1. d4 d5 2. e3 Nc6 3. f4 Nf6 4. c4 e6 5. Nf3 Be7 6. Bd3 Nb4 7. Be2 Bd7 8. a3
Nc6 9. Nc3 dxc4 10. Bxc4 O-O 11. O-O a6 12. b4 b5 13. Bd3 Nd5 14. Bd2 f5 15.
Rc1 Rc8 16. Nxd5 exd5 17. Qb3 Be8 18. e4 fxe4 19. Bxe4 Kh8 20. Qxd5 Qxd5 21.
Bxd5 Nd8 22. Rfe1 Bd6 23. Ng5 h6 24. Rxe8 Rxe8 25. Nf7+ Nxf7 26. Bxf7 Rf8 27.
Be6 Rce8 28. f5 Kh7 29. g4 g6 30. Rc3 Kg7 31. Rh3 g5 32. Bc3 Be7 33. d5+ Bf6
34. Bxf6+ Rxf6 35. Rc3 Re7 36. Rc6 Rf8 37. Rxa6 Rb8 38. Kf2 Kf6 39. Bg8+ Kg7
40. f6+ Kxg8 41. fxe7 Kf7 42. Re6 Ke8 43. Re3 Rb6 44. Ke2 Rf6 45. Kd3 Rf4 46.
h3 Rf1 47. Kd4 Rc1 48. Rc3 Rd1+ 49. Kc5 Kxe7 50. Kxb5 Rxd5+ 51. Kc6 Rd7 52. Rc5
Rd3 53. Kxc7 Rxa3 54. b5 Ra7+ 55. Kc6 1-0

[Event "V Open Basso Veronese"]
[Site "Casaleone ITA"]
[Date "2012.05.??"]
[Round "5"]
[White "Brunelli, Giovanni"]
[Black "Molina, Fabrizio"]
[Result "0-1"]
[WhiteElo "1931"]
[BlackElo "2269"]
[PlyCount "34"]
[EventDate "2012.05.19"]

1. e4 g6 2. d4 Bg7 3. Nc3 c6 4. Bc4 d6 5. Qf3 e6 6. Nge2 Ne7 7. Bg5 Nd7 8.
O-O-O b5 9. Bb3 a5 10. a4 b4 11. Nb1 d5 12. Ng3 Bb7 13. h4 h6 14. h5 hxg5 15.
hxg6 Nxg6 16. Nh5 Bh6 17. Nd2 Qe7 0-1

[Event "V Open Basso Veronese"]
[Site "Casaleone ITA"]
[Date "2012.05.??"]
[Round "5"]
[White "De Paoli, Emilio"]
[Black "Spano, Alfredo"]
[Result "0-1"]
[WhiteElo "1860"]
[BlackElo "1821"]
[PlyCount "66"]
[EventDate "2012.05.19"]

1. c4 Nf6 2. Nc3 c6 3. e4 d6 4. d4 Qa5 5. Bd2 Qc7 6. Qc1 e5 7. d5 Be7 8. Be2
Nbd7 9. g4 Nc5 10. f3 a5 11. h4 Bd7 12. Nh3 Qc8 13. Nf2 Qd8 14. h5 h6 15. Qc2
Rc8 16. Qd1 Nh7 17. Na4 cxd5 18. Nxc5 Rxc5 19. b4 axb4 20. Bxb4 Rc8 21. cxd5
O-O 22. O-O Qb6 23. Rb1 Qa7 24. Rb2 Ba4 25. Qb1 Rc7 26. Kg2 Rfc8 27. Bd2 Bc2
28. Qa1 Bg5 29. Bxg5 Nxg5 30. Nh3 Qe3 31. Bd1 Nxh3 32. Kxh3 Bd3 33. Rb3 Bxf1+
0-1

[Event "V Open Basso Veronese"]
[Site "Casaleone ITA"]
[Date "2012.05.??"]
[Round "5"]
[White "Guerra, Alessandro"]
[Black "Rizzati, Aldo"]
[Result "1-0"]
[WhiteElo "2159"]
[BlackElo "1931"]
[PlyCount "67"]
[EventDate "2012.05.19"]

1. e4 e5 2. Nf3 Nc6 3. Bb5 a6 4. Bxc6 dxc6 5. d3 f6 6. Be3 Bg4 7. h3 Bh5 8.
Nbd2 c5 9. Qe2 Bd6 10. c3 Ne7 11. a3 a5 12. d4 cxd4 13. cxd4 O-O 14. g4 Bf7 15.
d5 Ng6 16. O-O Qd7 17. Kh1 h5 18. Rg1 Nf4 19. Bxf4 exf4 20. Nh4 Rfe8 21. Qf3
hxg4 22. Rxg4 g5 23. Rag1 Kh8 24. Nf5 Bh5 25. Qc3 Re5 26. Nxd6 Bxg4 27. N6c4
Bxh3 28. Nxe5 Qh7 29. Ng6+ Kg7 30. Rxg5 Bf5+ 31. Nh4+ Kf8 32. Qxf6+ Ke8 33. Rg7
Bxe4+ 34. Kg1 1-0

[Event "V Open Basso Veronese"]
[Site "Casaleone ITA"]
[Date "2012.05.??"]
[Round "5"]
[White "Kurylovich, Alena"]
[Black "Solinas, Roberto"]
[Result "1/2-1/2"]
[WhiteElo "1491"]
[BlackElo "1718"]
[PlyCount "109"]
[EventDate "2012.05.19"]

1. d4 Nf6 2. c4 Nc6 3. Nf3 e6 4. g3 d5 5. cxd5 exd5 6. Bg2 Bf5 7. O-O Be7 8. a3
O-O 9. Nc3 a6 10. Ne5 Be6 11. Re1 Nxe5 12. dxe5 Nd7 13. Nxd5 Nxe5 14. Nxe7+
Qxe7 15. Bxb7 Rad8 16. Qa4 Ng4 17. Be3 Nxe3 18. fxe3 Qc5 19. Kf2 f5 20. Qf4 Qb6
21. Bf3 Qxb2 22. Qxc7 g5 23. Qe7 Qf6 24. Qxf6 Rxf6 25. Red1 Rb8 26. Bd5 Kf7 27.
Rac1 Bxd5 28. Rxd5 Re8 29. Rd7+ Re7 30. Rxe7+ Kxe7 31. Rc7+ Kd6 32. Rxh7 Kc5
33. Rd7 g4 34. Rh7 Kb5 35. Rd7 a5 36. Ke1 Ka4 37. Rd3 Rh6 38. Rd5 Rxh2 39. Rxf5
Rh1+ 40. Kd2 Ra1 41. Rf4+ Kxa3 42. Rxg4 a4 43. Rc4 Kb3 44. Rc3+ Kb2 45. Rc7 a3
46. Rb7+ Ka2 47. e4 Rb1 48. Ra7 Rb2+ 49. Kd3 Rb3+ 50. Kd4 Rxg3 51. Kd5 Re3 52.
e5 Rxe2 53. e6 Kb2 54. Kd6 a2 55. e7 1/2-1/2

[Event "V Open Basso Veronese"]
[Site "Casaleone ITA"]
[Date "2012.05.??"]
[Round "5"]
[White "Macalello, Angelo"]
[Black "Barbetta, Cosimo"]
[Result "0-1"]
[WhiteElo "1737"]
[BlackElo "1640"]
[PlyCount "62"]
[EventDate "2012.05.19"]

1. e4 e5 2. d4 exd4 3. Qxd4 Nc6 4. Qe3 Qe7 5. Nc3 Qc5 6. Bd2 Nf6 7. Be2 a6 8.
O-O-O Qxe3 9. Bxe3 Bb4 10. Nd5 Nxd5 11. exd5 Ne7 12. Bg5 h6 13. Be3 Bd6 14. g4
Ng6 15. Nh3 b5 16. f4 b4 17. Rhf1 Bb7 18. f5 Ne7 19. Bc4 Bxh2 20. f6 gxf6 21.
Rxf6 Be5 22. Rxh6 O-O-O 23. Nf2 Rxh6 24. Bxh6 Rh8 25. Be3 d6 26. Ne4 f6 27. Bb3
Rh4 28. c4 bxc3 29. bxc3 Rxg4 30. Bc2 Nxd5 31. Rxd5 Bxd5 0-1

[Event "V Open Basso Veronese"]
[Site "Casaleone ITA"]
[Date "2012.05.??"]
[Round "5"]
[White "Marangoni, Simone"]
[Black "Magnabosco, Mauro Denis"]
[Result "1/2-1/2"]
[WhiteElo "1859"]
[BlackElo "1768"]
[PlyCount "153"]
[EventDate "2012.05.19"]

1. c4 Nf6 2. Nc3 e6 3. Nf3 b6 4. d4 d5 5. e3 Be7 6. Qc2 Bb7 7. cxd5 exd5 8. h3
Nbd7 9. Bd3 h6 10. O-O O-O 11. a3 c5 12. b3 Rc8 13. Qb2 Ne4 14. Ne2 c4 15. Bxe4
dxe4 16. Nd2 cxb3 17. Qxb3 Nf6 18. Bb2 Ba6 19. Rfe1 Bb7 20. Rac1 Qd7 21. Nc3
Bc6 22. Nf1 b5 23. Red1 Rfd8 24. Ng3 Qb7 25. Qa2 b4 26. axb4 Bxb4 27. Rb1 a5
28. Nce2 Bd5 29. Qa1 Qd7 30. Nf4 Rc2 31. Rbc1 Rdc8 32. Rxc2 Rxc2 33. Rc1 Rxc1+
34. Qxc1 g5 35. Nxd5 Qxd5 36. Qc8+ Kg7 37. Nf5+ Kh7 38. g4 h5 39. gxh5 Nxh5 40.
Ng3 Nxg3 41. fxg3 Bd2 42. Kf2 Kg7 43. Qc5 Qe6 44. Qxg5+ Kh7 45. Qh5+ Qh6 46.
Qxf7+ Qg7 47. Qf5+ Qg6 48. Qxg6+ Kxg6 49. Ke2 Bb4 50. Kd1 Kf7 51. g4 Kg6 52. h4
Be7 53. g5 Kh5 54. d5 a4 55. Ke2 a3 56. Bf6 Bc5 57. Kd2 Kg6 58. Be5 Kh5 59. Ba1
Kg6 60. Ke2 Kh5 61. Kd2 Kg6 62. Bh8 Kh5 63. Be5 a2 64. Ba1 Kg6 65. Ke2 Kh5 66.
Kf2 Kg6 67. d6 Bxd6 68. Ke2 Kh5 69. Kd1 Bc5 70. Kd2 Kg6 71. Kc2 Bxe3 72. Kb3
Bf2 73. Kxa2 e3 74. Bc3 Bxh4 75. Kb2 Bxg5 76. Kc2 Kf5 77. Kd3 1/2-1/2

[Event "V Open Basso Veronese"]
[Site "Casaleone ITA"]
[Date "2012.05.??"]
[Round "5"]
[White "Pisani, Valerio"]
[Black "Rosina, Graziano"]
[Result "1/2-1/2"]
[WhiteElo "1681"]
[BlackElo "1829"]
[PlyCount "76"]
[EventDate "2012.05.19"]

1. Nc3 e5 2. d4 exd4 3. Qxd4 Nf6 4. Bg5 Be7 5. Bxf6 Bxf6 6. Qe4+ Qe7 7. Qxe7+
Bxe7 8. Nd5 Bd6 9. e4 c6 10. Ne3 Be5 11. O-O-O Bf4 12. Nh3 Bxe3+ 13. fxe3 Ke7
14. e5 f6 15. exf6+ gxf6 16. Bd3 d6 17. Nf4 Nd7 18. Rdf1 Ne5 19. Nh5 Nxd3+ 20.
cxd3 Bg4 21. Ng3 Rhg8 22. Rf2 Rg6 23. Rhf1 Rf8 24. e4 Be6 25. b3 c5 26. Kd2 b5
27. Ke3 a5 28. Rc1 Rc8 29. Rfc2 Rgg8 30. d4 cxd4+ 31. Kxd4 Rxc2 32. Rxc2 Kd7
33. Rf2 Rg6 34. Nh5 Ke7 35. Nf4 Rh6 36. h3 Bd7 37. Nd5+ Ke6 38. Rc2 Rh4 1/2-1/2

[Event "V Open Basso Veronese"]
[Site "Casaleone ITA"]
[Date "2012.05.??"]
[Round "5"]
[White "Scagliarini, Gennaro"]
[Black "Jirillo, Antonio"]
[Result "1/2-1/2"]
[WhiteElo "1726"]
[BlackElo "1664"]
[PlyCount "42"]
[EventDate "2012.05.19"]

1. d4 d6 2. e4 Nf6 3. Nc3 g6 4. f3 Bg7 5. Bd3 O-O 6. Nge2 Nbd7 7. Be3 c5 8.
dxc5 dxc5 9. Ng3 e6 10. f4 Qc7 11. O-O c4 12. Be2 Rd8 13. Qe1 a6 14. Qf2 b5 15.
e5 Ne8 16. Rad1 Bb7 17. h4 h5 18. Nce4 Bxe4 19. Nxe4 Rab8 20. g4 hxg4 21. Bxg4
Nf8 1/2-1/2

[Event "V Open Basso Veronese"]
[Site "Casaleone ITA"]
[Date "2012.05.??"]
[Round "5"]
[White "Sprea, Giuseppe"]
[Black "Bertani, Gianfranco"]
[Result "0-1"]
[WhiteElo "1955"]
[BlackElo "2097"]
[PlyCount "59"]
[EventDate "2012.05.19"]

1. d4 f5 2. Nf3 Nf6 3. g3 e6 4. Bg2 d5 5. O-O Bd6 6. c4 c6 7. b3 Qe7 8. Bb2 O-O
9. Nbd2 f4 10. Ne5 fxg3 11. hxg3 Nbd7 12. Nxd7 Bxd7 13. e4 Bb4 14. e5 Ne8 15.
a3 Ba5 16. b4 Bc7 17. b5 g5 18. a4 Qg7 19. Qg4 Qg6 20. Ba3 h5 21. Qe2 Rf7 22.
g4 hxg4 23. Nb3 Qh5 24. Qe3 Ng7 25. Qg3 Nf5 26. Qh2 Qg6 27. Nc5 Kg7 28. Bxd5
cxd5 29. cxd5 Nxd4 30. Kg2 0-1

[Event "V Open Basso Veronese"]
[Site "Casaleone ITA"]
[Date "2012.05.??"]
[Round "5"]
[White "Tissino, Tiziano"]
[Black "Bonini, Roberto"]
[Result "0-1"]
[WhiteElo "1779"]
[BlackElo "1877"]
[PlyCount "76"]
[EventDate "2012.05.19"]

1. Nf3 Nf6 2. c4 g6 3. b4 a5 4. b5 d6 5. a4 Bg7 6. d4 Nbd7 7. Bb2 O-O 8. Nbd2
Re8 9. e4 e5 10. d5 Nc5 11. Qc2 Ng4 12. Bd3 f5 13. O-O f4 14. Nb3 Nd7 15. c5
Bf8 16. c6 Ndf6 17. cxb7 Bxb7 18. Bc3 Nh5 19. h3 Nh6 20. Nxa5 Bc8 21. Nc6 Qf6
22. a5 g5 23. Qb2 g4 24. Ncxe5 dxe5 25. Bxe5 Qg6 26. hxg4 Bxg4 27. Nh2 f3 28.
Rfc1 Rxe5 29. Qxe5 Bg7 30. Qxc7 Bxa1 31. Rxa1 Rf8 32. g3 Nf7 33. Rd1 Rc8 34.
Qe7 Nxg3 35. Qh4 Ne2+ 36. Kh1 Ne5 37. Nxg4 h5 38. Qxh5 Qxh5+ 0-1

[Event "V Open Basso Veronese"]
[Site "Casaleone ITA"]
[Date "2012.05.??"]
[Round "5"]
[White "Zanchetta, Nicola"]
[Black "Brunelli, Flavio"]
[Result "1-0"]
[WhiteElo "1887"]
[BlackElo "1758"]
[PlyCount "57"]
[EventDate "2012.05.19"]

1. e4 e6 2. d4 d5 3. e5 c5 4. c3 Nc6 5. Nf3 Qb6 6. Bd3 Bd7 7. O-O cxd4 8. cxd4
Nxd4 9. Nxd4 Qxd4 10. Nc3 Qxe5 11. Re1 Qb8 12. Nxd5 Bd6 13. Qg4 g6 14. h3 Bc6
15. Nb4 Qc7 16. Nxc6 bxc6 17. Bg5 Be7 18. Qd4 Bxg5 19. Qxh8 O-O-O 20. Ba6+ Kb8
21. Red1 Re8 22. Qc3 Bf6 23. Qc4 Ne7 24. Rd3 Nd5 25. Rc1 Nb6 26. Qe4 c5 27.
Rxc5 Qe7 28. Rb3 Rd8 29. Qc6 1-0

[Event "V Open Basso Veronese"]
[Site "Casaleone ITA"]
[Date "2012.05.??"]
[Round "5"]
[White "Zonta, Riccardo"]
[Black "Leone, Cataldo"]
[Result "1-0"]
[WhiteElo "1654"]
[BlackElo "1592"]
[PlyCount "87"]
[EventDate "2012.05.19"]

1. e4 e5 2. Nc3 Nf6 3. f4 exf4 4. e5 Ng8 5. Nf3 c5 6. d4 g5 7. h3 d6 8. Ne4 h6
9. Bb5+ Bd7 10. Bxd7+ Qxd7 11. exd6 Bxd6 12. Qe2 Kf8 13. dxc5 Bc7 14. b3 Nc6
15. Bb2 Rh7 16. Rd1 Qe6 17. O-O Re8 18. Rfe1 f5 19. Nc3 Qxe2 20. Rxe2 Rxe2 21.
Nxe2 Re7 22. Kf2 Kf7 23. Rd5 Ke6 24. c4 Nf6 25. Nfd4+ Kf7 26. Rxf5 Kg6 27. Nxc6
Rxe2+ 28. Kxe2 Kxf5 29. Ne7+ Ke6 30. Bxf6 Bd8 31. c6 bxc6 32. Nxc6 Bxf6 33.
Nxa7 Kd6 34. Nb5+ Kc5 35. Nc7 Be5 36. Nd5 Bd6 37. a4 Kd4 38. Kf3 h5 39. a5 Bb8
40. a6 Ba7 41. h4 gxh4 42. Kxf4 Bb8+ 43. Kg5 Kc5 44. Kxh4 1-0

[Event "V Open Basso Veronese"]
[Site "Casaleone ITA"]
[Date "2012.05.??"]
[Round "6"]
[White "Adami, Alessandro"]
[Black "Tissino, Tiziano"]
[Result "1-0"]
[WhiteElo "1741"]
[BlackElo "1779"]
[PlyCount "139"]
[EventDate "2012.05.19"]

1. e4 c5 2. Nc3 Nc6 3. g3 e6 4. Bg2 Nf6 5. f4 d5 6. e5 Nd7 7. Nf3 a6 8. d4 cxd4
9. Nxd4 Nxd4 10. Qxd4 b5 11. Be3 Bc5 12. Qd3 Qb6 13. Bxc5 Qxc5 14. Ne2 Bb7 15.
Qc3 Rc8 16. Qxc5 Rxc5 17. c3 Ke7 18. Nd4 Rhc8 19. Kd2 Nb6 20. Bf1 Na4 21. Rb1
R5c7 22. Bd3 Nc5 23. Rhf1 Nd7 24. Rbe1 g6 25. g4 Rg8 26. f5 gxf5 27. gxf5 Rg2+
28. Kc1 b4 29. f6+ Kf8 30. Re2 Rxe2 31. Nxe2 Nxe5 32. Bxh7 Nd7 33. Kd2 bxc3+
34. bxc3 e5 35. Ng3 Rc6 36. Nh5 Rb6 37. Kc2 a5 38. Bd3 e4 39. Be2 Ne5 40. Rg1
Bc8 41. Rg5 Re6 42. Nf4 Re8 43. Bb5 Bd7 44. Bxd7 Nxd7 45. Nxd5 e3 46. Kd1 e2+
47. Ke1 Nc5 48. Rg3 Re5 49. Nf4 Rf5 50. Nxe2 Rxf6 51. Rg5 Nd3+ 52. Kd2 Nb2 53.
Rg4 Rd6+ 54. Rd4 Nc4+ 55. Kd3 Ne5+ 56. Kc2 Re6 57. Re4 f5 58. Nf4 fxe4 59.
Nxe6+ Ke7 60. Nd4 Kd6 61. h4 Kc5 62. h5 Ng4 63. Nf5 Kc4 64. h6 Nxh6 65. Nxh6 e3
66. Ng4 e2 67. Ne5+ Kd5 68. Nf3 Kc4 69. Kd2 Kc5 70. Kd3 1-0

[Event "V Open Basso Veronese"]
[Site "Casaleone ITA"]
[Date "2012.05.??"]
[Round "6"]
[White "Barbetta, Cosimo"]
[Black "Rosina, Graziano"]
[Result "0-1"]
[WhiteElo "1640"]
[BlackElo "1829"]
[PlyCount "118"]
[EventDate "2012.05.19"]

1. e4 e5 2. Nf3 Nf6 3. d3 Nc6 4. c3 d5 5. Qc2 Be7 6. Be2 O-O 7. Bg5 Bg4 8. Bxf6
Bxf6 9. h3 Bxf3 10. Bxf3 d4 11. O-O Qd6 12. Qb3 b6 13. Qd5 Rad8 14. Nd2 Ne7 15.
Qxd6 Rxd6 16. c4 c5 17. Bd1 Nc6 18. a3 g6 19. Nf3 a6 20. g3 Rc8 21. Rc1 Rdd8
22. Ba4 Na7 23. Nh2 h5 24. h4 Nc6 25. Nf3 Rd6 26. Bxc6 Rcxc6 27. Ne1 g5 28.
hxg5 Bxg5 29. Rc2 Rg6 30. Nf3 Bf6 31. Kg2 h4 32. Rh1 hxg3 33. fxg3 Kf8 34. Rh5
Re6 35. Rc1 Ke7 36. Rch1 Kd6 37. Rf5 Re8 38. Rh3 Reg8 39. Kf2 b5 40. b3 bxc4
41. bxc4 Rb8 42. Nd2 Rb2 43. Ke1 Ra2 44. Ke2 Bg5 45. Rxg5 Rxg5 46. Kd1 Rxa3 47.
Ke2 Ra2 48. Rh6+ Rg6 49. Rh3 a5 50. Kd1 Rf6 51. Rh2 Ra1+ 52. Kc2 Rg1 53. Rh8
Rf2 54. Ra8 Rgg2 55. Ra6+ Kc7 56. Rxa5 Rxd2+ 57. Kc1 Kb6 58. Rb5+ Kc6 59. Rb3
Rdf2 0-1

[Event "V Open Basso Veronese"]
[Site "Casaleone ITA"]
[Date "2012.05.??"]
[Round "6"]
[White "Bertani, Gianfranco"]
[Black "Negro, Roberto"]
[Result "0-1"]
[WhiteElo "2097"]
[BlackElo "2087"]
[PlyCount "72"]
[EventDate "2012.05.19"]

1. d4 g6 2. Bf4 Bg7 3. Nc3 d6 4. Qd2 a6 5. e4 Nd7 6. Nf3 b5 7. e5 Bb7 8. Be2
dxe5 9. dxe5 Nc5 10. Qe3 Ne6 11. Rd1 Qc8 12. O-O h5 13. Nd5 Nh6 14. Nh4 Ng4 15.
Bxg4 hxg4 16. Bg5 Bxd5 17. Rxd5 Nxg5 18. Nxg6 fxg6 19. Qxg5 Qf5 20. Qd2 Qh5 21.
h3 gxh3 22. e6 Qg4 23. Rg5 Qxe6 24. Re1 Qf6 25. Rge5 O-O 26. Rxe7 Rf7 27. R7e6
Qf5 28. gxh3 Raf8 29. Rxa6 Be5 30. f3 Bd6 31. Qg2 Qxf3 32. Re2 Qh5 33. Qg4 Qc5+
34. Kg2 Rf2+ 35. Rxf2 Qxf2+ 36. Kh1 Qh2# 0-1